Armed forces and human rights in AFSPA (Record no. 502586)

000 -LEADER
fixed length control field 00572cam a22001577a 4500
008 - FIXED-LENGTH DATA ELEMENTS--GENERAL INFORMATION
fixed length control field 180718b2012 xxu||||| |||| 00| 0 eng d
082 ## - DEWEY DECIMAL CLASSIFICATION NUMBER
Classification number APPPA 2011-12/GAN
100 ## - MAIN ENTRY--PERSONAL NAME
Personal name Gangopadhyay, Partho
245 ## - TITLE STATEMENT
Title Armed forces and human rights in AFSPA
Statement of responsibility, etc. by Partho Gangopadhyay
260 ## - PUBLICATION, DISTRIBUTION, ETC.
Place of publication, distribution, etc. New Delhi
Name of publisher, distributor, etc. Indian Institute of Public Administration
Date of publication, distribution, etc. 2012
300 ## - PHYSICAL DESCRIPTION
Extent 122p.
500 ## - GENERAL NOTE
General note An APPPA M. Phil dissertation, 2011-12 (Guide: Prof. Jaitilak Guha Roy)
650 ## - SUBJECT ADDED ENTRY--TOPICAL TERM
Topical term or geographic name entry element India --Armed Forces
650 ## - SUBJECT ADDED ENTRY--TOPICAL TERM
Topical term or geographic name entry element Abuse of administrative power --India
650 ## - SUBJECT ADDED ENTRY--TOPICAL TERM
Topical term or geographic name entry element Human rights --India
Holdings
Withdrawn status Lost status Damaged status Not for loan Permanent Location Current Location Date acquired Full call number Barcode Date last seen Price effective from Koha item type
        Indian Institute of Public Administration Indian Institute of Public Administration 2018-08-04 APPPA 2011-12/GAN GR18779 2018-08-04 2018-08-04 GR

Powered by Koha